000 00289nam a2200109Ia 4500
008 200302s9999 xx 000 0 und d
100 _aErin Caraher and others
245 _aLeading collaborative architectura practice
260 _bJohn Willey and Sons Inc.
260 _c2017
300 _a320
999 _c6765
_d6765